|
|
|
|
| LEADER |
00000nam0a2200000 4500 |
| 001 |
323738 |
| 005 |
20231102003611.0 |
| 035 |
|
|
|a (RuTPU)RU\TPU\book\349325
|
| 090 |
|
|
|a 323738
|
| 100 |
|
|
|a 20161026d1870 km y0rusy50 ca
|
| 101 |
0 |
|
|a rus
|
| 102 |
|
|
|a RU
|
| 105 |
|
|
|a ac z 001zy
|
| 200 |
1 |
|
|a Основания биологии
|e в 2 т.
|h Т. 1
|f Г. Спенсер
|g пер. с англ. под ред. Ал. Герда
|
| 210 |
|
|
|a Санкт-Петербург
|c Издание Н. П. Полякова
|d 1870
|
| 215 |
|
|
|a 370 с. + 440 с.
|c ил., портр.
|
| 300 |
|
|
|a Два тома в одном переплете, нумерация страниц раздельная
|
| 300 |
|
|
|a Текст в русской дореформенной орфографии
|
| 316 |
|
|
|5 63413507: М-132109
|a На переднем форзаце и титульном листе владельческая подпись: "Бутаков"
|
| 317 |
|
|
|5 63413507: М-132109
|a Поступила в НТБ в 1970 г. в составе книжного собрания профессора ТПИ И. Н. Бутакова
|
| 320 |
|
|
|a Приложение к первому тому: О "самозарождении" и гипотезе физиологических единиц: с. 359-370
|
| 320 |
|
|
|a Приложения к второму тому: с. 395-440
|
| 464 |
|
|
|t Т. 2
|
| 606 |
1 |
|
|a Биология
|2 stltpush
|3 (RuTPU)RU\TPU\subj\68258
|9 83692
|
| 610 |
1 |
|
|a органическая материя
|
| 610 |
1 |
|
|a рост
|
| 610 |
1 |
|
|a объяснения
|
| 610 |
1 |
|
|a доводы
|
| 610 |
1 |
|
|a морфология
|
| 610 |
1 |
|
|a физиология
|
| 610 |
1 |
|
|a размножение
|
| 610 |
1 |
|
|a владельческая надпись
|
| 610 |
1 |
|
|a библиотека И. Н. Бутакова
|
| 675 |
|
|
|a 57
|v 4
|
| 700 |
|
1 |
|a Спенсер
|b Г.
|c английский философ
|c социолог
|f 1820-1903
|g Герберт
|2 stltpush
|3 (RuTPU)RU\TPU\pers\1282
|9 576
|
| 702 |
|
1 |
|a Герд
|b Ал.
|4 340
|
| 801 |
|
1 |
|a RU
|b 63413507
|c 20161026
|
| 801 |
|
2 |
|a RU
|b 63413507
|c 20190723
|g RCR
|
| 942 |
|
|
|c BK
|